Szczegóły MARC21

Hygiena [!] piękności : praktyczny poradnik dla prawdziwie eleganckich kobiet na podstawie naj lepszych źródeł /

005 -DATA I CZAS OSTATNIEJ MODYFIKACJI [,]
    • @
    • pole kontrolne
    • 20070315155141.9
040 -Instytucja sporządzająca opis [ , ]
    • a
    • Instytucja, która sporządziła opis (NP)
    • SZCZ U
    • c
    • Instytucja, która sporządziła rekord (NP)
    • SZCZ U
041 -Język dokumentu [0, ]
    • a
    • Język tekstu (P)
    • polski
    • h
    • Język tekstu oryginalnego i/lub pośredniego (P)
    • polski
942 -Rodzaj dokumentu [ , ]
    • c
    • Rodzaj dokumentu
    • Książka
100 -Hasło główne - nazwa osobowa [ , ]
    • a
    • Nazwa osobowa (NP)
    • CALLIER, A.
245 -Strefa tytułu i oznaczenia odpowiedzialności [1, ]
    • a
    • Tytuł
    • Hygiena [!] piękności : Find
    • b
    • Ciąg dalszy tytułu (NP)
    • praktyczny poradnik dla prawdziwie eleganckich kobiet na podstawie naj lepszych źródeł / Find
    • c
    • Pozostałe elementy strefy tytułu i oznaczenia odpowiedzialności (NP)
    • skreśliła A. Callier.
260 -Strefa adresu wydawniczego [ , ]
    • a
    • Miejsce wydania (P)
    • Kraków : D.E.Friedlein ; Warszawa :
    • b
    • Nazwa wydawcy (P)
    • E.Wende i S-ka,
    • c
    • Data wydania (P)
    • 1903.
300 -Strefa opisu fizycznego [ , ]
    • a
    • Określenie formy książki i/lub objętość (NP)
    • 277 s. :
    • c
    • Format (NP)
    • 17 cm.
080 -Uniwersalna Klasyfikacja Dziesiętna [ , ]
    • a
    • Symbol klasyfikacji
    • 646.7
    • 9
    • UKD
    • 5512
    • 2
    • Identyfikator wydania tablic
    • UDC-P058
    • b
    • Dopowiedzenie
    • Pielęgnacja ciała. Kosmetyka.
980 -Symbol UKD [ , ]
    • a
    • UKD
    • 646.7
Numer inwentarzowy Status udost. Data inwentaryzacji Lokalizacja
JK.41912002-12-11BG